000 00977nam a2200205Ii 4500
003 JO-AjNU
008 230605s9999||||xx |||||||||||||| ||und||
017 _a2006/4/944
040 _aJO-AjNU
_bara
_erda
_cJO-AjNU
041 _aara
050 1 4 _aPJ8054 2006
100 3 _aالهدهد،أماني جاد الله ؛ سمر العملة,
_eauthor
_98720
245 0 0 _aجمعية أصدقاء الأطفال: الحملة الوطنية لتشجيع القراءة؛ تعليمات جواز سفر القراءة ذي المراحل السبع (قطار المعرفة)؛ ببلوغرافيا كتاب الأطفال وكتبهم في الأردن
264 3 1 _aعمان: جمعية أصدقاء الأطفال، 2006
300 _a79ص
336 _atext
_btxt
_2rdacontent
337 _aunmediated
_bn
_2rdamedia
338 _avolume
_bnc
_2rdacarrier
650 4 _aالأدب العربي - القراءة - الأطفال - ببلوغرافيا كتاب الأطفال
_98721
999 _aA933
_c4501
_d4501